The problem of odors in institutions, (Record no. 38389)

MARC details
000 -LEADER
fixed length control field 00629cam a22002171 4500
001 - CONTROL NUMBER
control field med47001738
003 - CONTROL NUMBER IDENTIFIER
control field DLC
005 - DATE AND TIME OF LATEST TRANSACTION
control field 20260227111603.0
008 - FIXED-LENGTH DATA ELEMENTS--GENERAL INFORMATION
fixed length control field 820821s1947 xx 000 0 eng
010 ## - LIBRARY OF CONGRESS CONTROL NUMBER
LC control number med47001738
035 ## - SYSTEM CONTROL NUMBER
System control number (OCoLC)14683122
040 ## - CATALOGING SOURCE
Original cataloging agency DLC
Transcribing agency DNLM
Modifying agency DLC
042 ## - AUTHENTICATION CODE
Authentication code premarc
050 00 - LIBRARY OF CONGRESS CALL NUMBER
Classification number RA969
Item number .H6
060 0# - NATIONAL LIBRARY OF MEDICINE CALL NUMBER
Classification number W6
Item number P3 v.5755
110 2# - MAIN ENTRY--CORPORATE NAME
Corporate name or jurisdiction name as entry element Hospital Bureau of Standards and Supplies, inc., New York.
245 14 - TITLE STATEMENT
Title The problem of odors in institutions,
Statement of responsibility, etc. by Dewey H. Palmer ... Research department ...
260 ## - PUBLICATION, DISTRIBUTION, ETC.
Place of publication, distribution, etc. New York,
Date of publication, distribution, etc. c1947.
300 ## - PHYSICAL DESCRIPTION
Extent 11 p.
700 1# - ADDED ENTRY--PERSONAL NAME
Personal name Palmer, Dewey Homer,
Dates associated with a name 1898-

No items available.

Powered by Koha